Marcatori dell'Inter in UEFA Champions League 2019-2020 - Statistics

Statistiche generali
  • Questo quiz è stato fatto 26 volte
  • Il punteggio medio è 9 su 10
Statistiche sulle risposte
Partita Minuto Marcatore % Corretto
Barcellona - Inter 2-1 3' Lautaro Martínez
100%
Inter - Borussia Dortmund 2-0 22' Lautaro Martínez
100%
Borussia Dortmund - Inter 3-2 5' Lautaro Martínez
100%
Slavia Praga - Inter 1-3 19' Lautaro Martínez
100%
Slavia Praga - Inter 1-3 88' Lautaro Martínez
100%
Inter - Slavia Praga 1-1 92' Nicolò Barella
100%
Slavia Praga - Inter 1-3 81' Romelu Lukaku
95%
Inter - Barcellona 1-2 44' Romelu Lukaku
95%
Inter - Borussia Dortmund 2-0 89' Antonio Candreva
76%
Borussia Dortmund - Inter 3-2 40' Matías Vecino
62%
Nessun quiz corrispondente trovato
Distribuzione punteggi
Percentuale di utenti per punteggio
Percentile per numero di risposta
I tuoi punteggi nel tempo
Non hai fatto questo quiz